Beyond the backyard : (Record no. 169435)
[ view plain ]
| 000 -LEADER | |
|---|---|
| fixed length control field | 00692nam a22002057a 4500 |
| 005 - DATE AND TIME OF LATEST TRANSACTION | |
| control field | 20191120160707.0 |
| 010 ## - LCCN (DPL NO) | |
| LC control number | ENG-126931 |
| 020 ## - INTERNATIONAL STANDARD BOOK NUMBER | |
| Terms of availability | 260.00 |
| International Standard Book Number | 9388468597 |
| 035 ## - SYSTEM CONTROL NUMBER | |
| System control number | EN-110463 |
| 037 ## - SOURCE OF ACQUISITION | |
| Source of stock number/acquisition | DBAD/PUB |
| 082 ## - DEWEY DECIMAL CLASSIFICATION NUMBER | |
| Classification number | S |
| 245 ## - TITLE STATEMENT | |
| Title | Beyond the backyard : |
| Statement of responsibility, etc | ed.by C.L.L.Jayaprada, P.Sathyavathi [and] V.Pratima |
| Remainder of title | Telugu women writer's contemporary stories / |
| 260 ## - PUBLICATION, DISTRIBUTION, ETC. (IMPRINT) | |
| Place of publication, distribution, etc | New Delhi |
| Name of publisher, distributor, etc | Sahitya Akademi |
| Date of publication, distribution, etc | 2019 |
| 270 ## - ADDRESS | |
| Address | Rabindra Bhawan, 35, Firozeshah Road |
| Postal code | 110001 |
| City | New Delhi |
| Electronic mail address | secretary@sahitya-akademi.gov.in |
| Telephone number | 011-23386626/27/28 |
| 300 ## - PHYSICAL DESCRIPTION | |
| Extent | 348p. |
| Dimensions | 20cm(pbk) |
| 700 ## - ADDED ENTRY--PERSONAL NAME | |
| Personal name | Jayaprada, C.L.L. |
| 700 ## - ADDED ENTRY--PERSONAL NAME | |
| Personal name | Sathyavathi, P. |
| 700 ## - ADDED ENTRY--PERSONAL NAME | |
| Personal name | Pratima, V. |
| 942 ## - ADDED ENTRY ELEMENTS (KOHA) | |
| Source of classification or shelving scheme | Dewey Decimal Classification |
| Item type | English Books |
| Classification part | S |
| Call number suffix | BEY |
| Withdrawn status | Lost status | Not for loan | Collection code | Home library | Current library | Date acquired | Source of acquisition | Cost, normal purchase price | Full call number | Barcode | Copy number | Cost, replacement price | Koha item type |
|---|---|---|---|---|---|---|---|---|---|---|---|---|---|
| Fiction | Central Library | Central Library | 20/11/2019 | DBAD/PUB | 260.00 | S BEY | EN-110463 | 1 | 260.00 | English Books |
